000 01101nam a22002417a 4500
005 20240305165515.0
007 cr|||| ||||
008 181120s2017 mx |||||s|||| 00||0 spa d
020 _a978-607-8447-60-2
035 _a22461
040 _avLex
090 _c8319
_d8319
100 1 _aGómez González, Arely
245 1 0 _aReforma Penal 2008-2016
_h[Recurso electrónico] :
_bEl Sistema Penal Acusatorio en México /
_cArely Gómez González
256 _aServicio en línea
260 _aCiudad de México:
_bInstituto Nacional de las Ciencias Penales,
_c2017
300 _a1 recurso electrónico
506 1 _aDisponible solo en los productos indicados
_dvLex Global
_dvLex Global (Academic Edition, excluding Law Schools)
_dvLex Global (U.S. Academic Edition, Law Schools)
_dvLex Global (U.S. Academic Edition, excluding Law Schools)
_dvLex Global (Academic Edition, Law Schools)
650 0 4 _aDerecho Penal
_zMéxico
740 0 _avLex Libros (Servicio en línea)
856 4 0 _uhttps://app.vlex.com/#/sources/reforma-penal-2008-2016-sistema-penal-acusatorio-mexico-22461
942 _cRAA
999 _c166556
_d166556